Intelligent Investor (Record no. 11199)

MARC details
000 -LEADER
fixed length control field 00368nam a22001577a 4500
003 - CONTROL NUMBER IDENTIFIER
control field OSt
008 - FIXED-LENGTH DATA ELEMENTS--GENERAL INFORMATION
fixed length control field 220511b ||||| |||| 00| 0 eng d
020 ## - INTERNATIONAL STANDARD BOOK NUMBER
International Standard Book Number 978-0-06-055566-5
100 ## - MAIN ENTRY--PERSONAL NAME
Personal name GRAHAM,Benjamin
245 ## - TITLE STATEMENT
Title Intelligent Investor
250 ## - EDITION STATEMENT
Edition statement 28th imp
260 ## - PUBLICATION, DISTRIBUTION, ETC. (IMPRINT)
Place of publication, distribution, etc New Delhi
Name of publisher, distributor, etc Harper
Date of publication, distribution, etc 2019
300 ## - PHYSICAL DESCRIPTION
Extent 623
650 ## - SUBJECT ADDED ENTRY--TOPICAL TERM
Topical term or geographic name as entry element General book
942 ## - ADDED ENTRY ELEMENTS (KOHA)
Source of classification or shelving scheme Dewey Decimal Classification
Koha item type Text Books
942 ## - ADDED ENTRY ELEMENTS (KOHA)
-- 3
Holdings
Withdrawn status Lost status Source of classification or shelving scheme Damaged status Not for loan Collection code Home library Current library Date acquired Source of acquisition Currency Cost, normal purchase price Bill Number Total Checkouts Full call number Acc. no. / Barcode Date last seen Date last borrowed Actual Cost, discounted price Bill Date Koha item type Public note
    Dewey Decimal Classification     B.Tech(ECE) PIET C-LIBRARY PIET C-LIBRARY 27/11/2021 Gandhi Book Depot Indian Rup 400.00 53 4 332.678 GRI 33564 09/07/2024 28/06/2024 400.00 27/11/2021 Text Books Decentralisation of books
    Dewey Decimal Classification     B.Tech(ECE) PIET C-LIBRARY PIET C-LIBRARY 27/11/2021 Gandhi Book Depot Indian Rup 400.00 53 2 332.678 GRI 33565 10/04/2024 27/03/2024 400.00 27/11/2021 Text Books Decentralisation of books

Design & Developed by: PIET Central Library
R70 Miles Stone Pattikalyana Samalkha Panipat 132102
mail ID :- [email protected], Phone No:- 0180-2569700 Ex.216